00637nam a2200205Ia 450000500170000000800410001702000130005804000190007104100120009008200150010210000340011724500620015126000270021330000150024050400360025563000520029165000560034365100220039985000100042120240217112833.0131103s9999 xx 000 0 und d a27985857 aLoreto College aEnglish a363.7bJOH aJohansen, Bruce Elliot, 1950- aGlobal warming in the 21st centurycBruce Elliot Johansen aLondonbAtlanticc2007 av.1b ill. av.1 Our evolving climate crisis aGlobal Warming - Political aspect, 21st century aGlobal Warming - Environmental aspect, 21st century aNatural Disasters aLCLIB